[Event "SVK-chT3A2 0607"]
[Site "Slovakia"]
[Date "2007.02.25"]
[Round "9"]
[White "Brunovsky, Peter"]
[Black "Csente, David"]
[Result "1-0"]
[WhiteElo "1649"]
[BlackElo "1350"]
[PlyCount "61"]
[EventDate "2006.10.08"]
[EventType "team-tourn"]
[EventRounds "11"]
[EventCountry "SVK"]
[SourceTitle "EXT 2008"]
[Source "ChessBase"]
[SourceDate "2007.11.25"]
[SourceVersion "1"]
[SourceVersionDate "2007.11.25"]
[SourceQuality "1"]
[WhiteTeam "Gbely"]
[BlackTeam "Gabcikovo"]
[WhiteTeamCountry "SVK"]
[BlackTeamCountry "SVK"]

1. d4 d5 2. Nf3 Bg4 3. Bf4 Nf6 4. e3 e6 5. Nbd2 c5 6. c3 c4 7. b4 b5 8. a4 Qb6 9. axb5 Qxb5 10. Ra5 Qb6 11. Bxb8 Qxb8 12. Qa4+ Kd8 13. Ne5 Qb6 14. Nxf7+ Ke7 15. Nxh8 Bh5 16. Be2 Be8 17. Qa3 g5 18. 0-0 Bg7 19. Ra1 Kf8 20. Rxa7 Rxa7 21. Qxa7 Qd8 22. Nf7 Bxf7 23. Qa8 Qe8 24. Qxe8+ Bxe8 25. Ra8 Nd7 26. Bh5 Nf6 27. Bxe8 Nxe8 28. e4 Kf7 29. exd5 exd5 30. b5 Nd6 31. b6 1-0